<?xml version="1.0" encoding="UTF-8"?>
<record
    xmlns:xsi="http://www.w3.org/2001/XMLSchema-instance"
    xsi:schemaLocation="http://www.loc.gov/MARC21/slim http://www.loc.gov/standards/marcxml/schema/MARC21slim.xsd"
    xmlns="http://www.loc.gov/MARC21/slim">

  <leader>01896nam a2200289 a 4500</leader>
  <controlfield tag="001">000022324</controlfield>
  <controlfield tag="003">DO-SdBNP</controlfield>
  <controlfield tag="005">20240314200928.0</controlfield>
  <controlfield tag="007">ta</controlfield>
  <controlfield tag="008">100927s1997    dr ac         000 0 spa d</controlfield>
  <datafield tag="040" ind1=" " ind2=" ">
    <subfield code="a">DO-SdBNP</subfield>
    <subfield code="b">spa</subfield>
    <subfield code="c">BNPHU</subfield>
  </datafield>
  <datafield tag="082" ind1=" " ind2="4">
    <subfield code="a">972.9324</subfield>
    <subfield code="b">L864h 1997</subfield>
    <subfield code="2">22</subfield>
  </datafield>
  <datafield tag="100" ind1="1" ind2=" ">
    <subfield code="a">L&#xF3;pez Reyes, Oscar</subfield>
    <subfield code="9">750</subfield>
  </datafield>
  <datafield tag="245" ind1="1" ind2="0">
    <subfield code="a">Historia del desarrollo de Barahona :</subfield>
    <subfield code="b">narraci&#xF3;n e interpretaci&#xF3;n /</subfield>
    <subfield code="c">Oscar L&#xF3;pez Reyes ; pr&#xF3;logo Wilson S. G&#xF3;mez Ram&#xED;rez.</subfield>
  </datafield>
  <datafield tag="250" ind1=" " ind2=" ">
    <subfield code="a">2a ed.</subfield>
  </datafield>
  <datafield tag="260" ind1=" " ind2=" ">
    <subfield code="a">Santo Domingo :</subfield>
    <subfield code="b">Mediabyte,</subfield>
    <subfield code="c">[1997?].</subfield>
  </datafield>
  <datafield tag="300" ind1=" " ind2=" ">
    <subfield code="a">xix, 455 p. :</subfield>
    <subfield code="b">ilustraciones ;</subfield>
    <subfield code="c">21 cm.</subfield>
  </datafield>
  <datafield tag="504" ind1=" " ind2=" ">
    <subfield code="a">Bibliograf&#xED;a : p. 443-453</subfield>
  </datafield>
  <datafield tag="505" ind1="2" ind2=" ">
    <subfield code="a">P&#xF3;logo--</subfield>
    <subfield code="t">Introducci&#xF3;n --</subfield>
    <subfield code="t">Espa&#xF1;a en los siglos XV y XVII --</subfield>
    <subfield code="t">Rebeli&#xF3;n de Rold&#xE1;n --</subfield>
    <subfield code="t">Alzamiento de Enriquillo --</subfield>
    <subfield code="t">Barahona : origen y fundaci&#xF3;n --</subfield>
    <subfield code="t">Ocupaci&#xF3;n haitiana e independencia nacional --</subfield>
    <subfield code="t">Anexi&#xF3;n a Espa&#xF1;a y restauraci&#xF3;n --</subfield>
    <subfield code="t">Etapa de gran desarrollo y confrontaci&#xF3;n --</subfield>
    <subfield code="t">Barahona adquiere categor&#xED;a social --</subfield>
    <subfield code="t">Gobierno del padre Nouel en Barahona --</subfield>
    <subfield code="t">Invasi&#xF3;n norteamericana --</subfield>
    <subfield code="t">El gobierno de Horacio V&#xE1;squez (1924-1930) --</subfield>
    <subfield code="t">La tiran&#xED;a de Trujillo (1930-61) --</subfield>
    <subfield code="t">Per&#xED;odo post-trujillista (1961-1964) --</subfield>
    <subfield code="t">La revoluci&#xF3;n del 24 abril -- Joaqu&#xED;n Balaguer : 12 a&#xF1;os de despotismo ilustrado --</subfield>
    <subfield code="t">Apertura democr&#xE1;tico-institucional (1978-1982) --</subfield>
    <subfield code="t">Panorama a finales del siglo XX --</subfield>
    <subfield code="t">Iglesia, pol&#xED;tica y comunicaci&#xF3;n --</subfield>
    <subfield code="t">Cultura, arte y literatura --</subfield>
    <subfield code="t">Deportes --</subfield>
    <subfield code="t">Composici&#xF3;n geogr&#xE1;fica --</subfield>
    <subfield code="t">Bibliograf&#xED;a general.</subfield>
  </datafield>
  <datafield tag="590" ind1=" " ind2=" ">
    <subfield code="a">Inventariado, 2023/ YL</subfield>
  </datafield>
  <datafield tag="650" ind1=" " ind2="4">
    <subfield code="a">Ciudades y pueblos</subfield>
    <subfield code="z">Rep&#xFA;blica Dominicana</subfield>
    <subfield code="9">784</subfield>
  </datafield>
  <datafield tag="651" ind1=" " ind2="4">
    <subfield code="a">Barahona (Rep&#xFA;blica Dominicana{Rpara}</subfield>
    <subfield code="x">Historia Local</subfield>
    <subfield code="9">231</subfield>
  </datafield>
  <datafield tag="651" ind1=" " ind2="4">
    <subfield code="a">Barahona (Rep&#xFA;blica Dominicana{Rpara}</subfield>
    <subfield code="x">Vida social y costumbres</subfield>
    <subfield code="9">782</subfield>
  </datafield>
  <datafield tag="700" ind1="1" ind2=" ">
    <subfield code="a">G&#xF3;mez Ram&#xED;rez, Wilson S</subfield>
    <subfield code="d">1953-</subfield>
    <subfield code="9">46083</subfield>
  </datafield>
  <datafield tag="910" ind1=" " ind2=" ">
    <subfield code="a">YLockward/ Validado. Control de calidad MMOLINA</subfield>
  </datafield>
  <datafield tag="942" ind1=" " ind2=" ">
    <subfield code="2">ddc</subfield>
    <subfield code="c">LBS1</subfield>
  </datafield>
  <datafield tag="952" ind1=" " ind2=" ">
    <subfield code="0">0</subfield>
    <subfield code="1">0</subfield>
    <subfield code="2">ddc</subfield>
    <subfield code="5">6</subfield>
    <subfield code="7">0</subfield>
    <subfield code="8">DS</subfield>
    <subfield code="a">BNPHU</subfield>
    <subfield code="b">BNPHU</subfield>
    <subfield code="c">HD</subfield>
    <subfield code="d">2011-08-01</subfield>
    <subfield code="o">BNPHU DS 972.9324 L864h 1997</subfield>
    <subfield code="p">22324-50</subfield>
    <subfield code="r">2020-06-25</subfield>
    <subfield code="t">e. 3</subfield>
    <subfield code="w">2020-06-25</subfield>
    <subfield code="y">LBS1</subfield>
  </datafield>
  <datafield tag="952" ind1=" " ind2=" ">
    <subfield code="0">0</subfield>
    <subfield code="1">0</subfield>
    <subfield code="2">ddc</subfield>
    <subfield code="5">6</subfield>
    <subfield code="7">0</subfield>
    <subfield code="8">DS</subfield>
    <subfield code="a">BNPHU</subfield>
    <subfield code="b">BNPHU</subfield>
    <subfield code="c">HD</subfield>
    <subfield code="d">2018-04-03</subfield>
    <subfield code="o">BNPHU DS 972.9324 L864h 1997</subfield>
    <subfield code="p">22324-60</subfield>
    <subfield code="r">2020-06-25</subfield>
    <subfield code="t">e. 4</subfield>
    <subfield code="w">2020-06-25</subfield>
    <subfield code="y">LBS1</subfield>
  </datafield>
  <datafield tag="952" ind1=" " ind2=" ">
    <subfield code="0">0</subfield>
    <subfield code="1">0</subfield>
    <subfield code="2">ddc</subfield>
    <subfield code="5">1</subfield>
    <subfield code="7">0</subfield>
    <subfield code="8">PD</subfield>
    <subfield code="a">BNPHU</subfield>
    <subfield code="b">BNPHU</subfield>
    <subfield code="c">HD</subfield>
    <subfield code="d">2010-09-27</subfield>
    <subfield code="o">BNPHU PD 972.9324 L864h 1997</subfield>
    <subfield code="p">22324-10</subfield>
    <subfield code="r">2020-06-25</subfield>
    <subfield code="w">2020-06-25</subfield>
    <subfield code="y">LBS1</subfield>
  </datafield>
  <datafield tag="952" ind1=" " ind2=" ">
    <subfield code="0">0</subfield>
    <subfield code="1">0</subfield>
    <subfield code="2">ddc</subfield>
    <subfield code="5">1</subfield>
    <subfield code="7">0</subfield>
    <subfield code="8">PD</subfield>
    <subfield code="a">BNPHU</subfield>
    <subfield code="b">BNPHU</subfield>
    <subfield code="c">HD</subfield>
    <subfield code="d">2011-08-01</subfield>
    <subfield code="o">BNPHU PD 972.9324 L864h 1997</subfield>
    <subfield code="p">22324-40</subfield>
    <subfield code="r">2020-06-25</subfield>
    <subfield code="t">e. 2</subfield>
    <subfield code="w">2020-06-25</subfield>
    <subfield code="y">LBS1</subfield>
  </datafield>
  <datafield tag="952" ind1=" " ind2=" ">
    <subfield code="0">0</subfield>
    <subfield code="1">0</subfield>
    <subfield code="2">ddc</subfield>
    <subfield code="5">6</subfield>
    <subfield code="7">0</subfield>
    <subfield code="8">DS</subfield>
    <subfield code="a">BNPHU</subfield>
    <subfield code="b">BNPHU</subfield>
    <subfield code="c">HD</subfield>
    <subfield code="d">2018-04-03</subfield>
    <subfield code="e">Donaci&#xF3;n</subfield>
    <subfield code="o">BNPHU DS 972.9324 L864h 1997</subfield>
    <subfield code="p">2023-0652</subfield>
    <subfield code="r">2023-02-03</subfield>
    <subfield code="t">e. 5</subfield>
    <subfield code="w">2020-06-25</subfield>
    <subfield code="y">LBS1</subfield>
  </datafield>
  <datafield tag="999" ind1=" " ind2=" ">
    <subfield code="c">21822</subfield>
    <subfield code="d">21822</subfield>
  </datafield>
</record>
